Nalaganje...
Behubariathwam.
| Glavni avtor: | |
|---|---|
| Format: | Printed Book |
| Izdano: |
Calicut :
Islamic Publishing House,
1984.
|
| Teme: |
| LEADER | 00489nam a22001457a 4500 | ||
|---|---|---|---|
| 082 | |a 306.84 |b MOH/B | ||
| 100 | |a Muhammed Sheik Karakunnu. | ||
| 245 | |a Behubariathwam. | ||
| 260 | |a Calicut : |b Islamic Publishing House, |c 1984. | ||
| 300 | |a 59p.; | ||
| 500 | |a Polygomy in islam | ||
| 650 | |a Religion |v Islam |v Polygomy | ||
| 942 | |c BK | ||
| 999 | |c 100372 |d 100372 | ||
| 952 | |0 0 |1 0 |4 0 |6 306_840000000000000_MOH_B |7 0 |9 93714 |a SSS |b SSS |c CAS |d 2012-04-17 |g 3.00 |l 0 |o 306.84 MOH/B |p SSSMK0123 |r 2012-04-17 |w 2012-04-17 |y BK | ||